LEADER 01876nam 2200565Ia 450 001 9910781852803321 005 20230725053555.0 010 $a1-4384-3552-5 010 $a1-4619-0626-1 035 $a(CKB)2550000000059471 035 $a(EBL)3407251 035 $a(SSID)ssj0000569705 035 $a(PQKBManifestationID)11358600 035 $a(PQKBTitleCode)TC0000569705 035 $a(PQKBWorkID)10557627 035 $a(PQKB)11564864 035 $a(MiAaPQ)EBC3407251 035 $a(Au-PeEL)EBL3407251 035 $a(CaPaEBR)ebr10574113 035 $a(OCoLC)759209547 035 $a(EXLCZ)992550000000059471 100 $a20100802d2011 ub f 101 0 $aeng 135 $aur|n|---||||| 181 $ctxt 182 $cc 183 $acr 200 10$aOrdinary Jews$b[electronic resource] /$fYehoshue Perle ; translated and with an introduction by Shirley Kurmove 210 $aAlbany $cExcelsior Editions/State University of New York Press$dc2011 215 $a1 online resource (362 p.) 225 1 $aExcelsior Editions 300 $aDescription based upon print version of record. 311 $a1-4384-3550-9 320 $aIncludes bibliographical references. 327 $a""ORDINARY JEWS""; ""Contents""; ""Preface""; ""Acknowledgments""; ""Introduction""; ""Translatora???s Notes to the Reader""; ""Chapter 1: Novel""; ""Glossary and Notes""; ""Bibliography"" 410 0$aExcelsior Editions 606 $aJewish fiction 606 $aYiddish literature 615 0$aJewish fiction. 615 0$aYiddish literature. 676 $a839/.133 700 $aPerle$b Iehoshua$f1888-1943.$01580507 701 $aKumove$b Shirley$f1931-$01508654 801 0$bMiAaPQ 801 1$bMiAaPQ 801 2$bMiAaPQ 906 $aBOOK 912 $a9910781852803321 996 $aOrdinary Jews$93861483 997 $aUNINA LEADER 03053nam 22005411 450 001 9910969391303321 005 20171102064759.0 010 $a9781474285032 010 $a1474285031 010 $a9781474284998 010 $a147428499X 024 7 $a10.5040/9781474285032 035 $a(CKB)3790000000545513 035 $a(MiAaPQ)EBC5090739 035 $a(OCoLC)964329627 035 $a(UtOrBLW)bpp09261382 035 $a(UtOrBLW)BP9781474285032BC 035 $a(Perlego)808675 035 $a(EXLCZ)993790000000545513 100 $a20171115d2018 uy 0 101 0 $aeng 135 $aurcnu|||||||| 181 $2rdacontent 182 $2rdamedia 183 $2rdacarrier 200 10$a1938 $emodern Britain : social change and visions of the future /$fMichael John Law 210 1$aLondon :$cBloomsbury Academic,$d2018. 215 $a1 online resource (199 pages) $cillustrations, maps, tables 311 08$a9781474285018 311 08$a1474285015 311 08$a9781474285001 311 08$a1474285007 320 $aIncludes bibliographical references and index. 327 $aChapter 1. Partial History -- Chapter 2. Representations of Modern Life in 1938 -- Chapter 3. Glasgow's Empire Exhibition -- Chapter 4. Big Screen Televisions and Push-button Radios -- Chapter 5. The Adelphi Building -- Chapter 6. Picture Post - The Modernity of Everyday Life -- Chapter 7. Cars, Coaches and Charabancs at the Prospect Inn -- Chapter 8. Britain's New Airports -- Chapter 9. Conclusion. 330 $a"In 1938: Modern Britain, Michael John Law demonstrates that our understanding of life in Britain just before the Second World War has been overshadowed by its dramatic political events. 1938 was the last year of normality, and Law shows through a series of case studies that in many ways life in that year was far more modern than might have been thought. By considering topics as diverse as the opening of a new type of pub, the launch of several new magazines, the emergence of push-button radios and large screen televisions sets, and the building of a huge office block, he reveals a Britain, both modern and intrigued by its own modernity, that was stopped in its tracks by war and the austerity that followed. For some, life in Britain was as consumerist, secular, Americanized and modern as it would become for many in the late 1950s and early 1960s Presenting a fresh perspective on an important year in British social history, illuminated by six engaging case studies, this is a key study for students and scholars of 20th-century Britain."--Bloomsbury Publishing. 606 $aSocial change$zGreat Britain$xHistory$y20th century 606 $2British & Irish history 607 $aGreat Britain$xSocial conditions$y20th century 615 0$aSocial change$xHistory 676 $a309.141082 676 $a941.084 700 $aLaw$b Michael John$01866767 801 0$bUtOrBLW 801 1$bUtOrBLW 906 $aBOOK 912 $a9910969391303321 996 $a1938$94474215 997 $aUNINA